Art fundamentals : Theory and practice

Αποθηκεύτηκε σε:
Λεπτομέρειες βιβλιογραφικής εγγραφής
Κύριος συγγραφέας: Ocvirk, Otto G.
Μορφή: Βιβλίο
Γλώσσα:Undetermined
Έκδοση: Boston McGraw Hill 2006
Θέματα:
Ετικέτες: Προσθήκη ετικέτας
Δεν υπάρχουν, Καταχωρήστε ετικέτα πρώτοι!
Thư viện lưu trữ: Trung tâm Học liệu Trường Đại học Cần Thơ
LEADER 00570nam a2200217Ia 4500
001 CTU_137723
008 210402s9999 xx 000 0 und d
020 |c 68.5 
082 |a 701.8 
082 |b A784 
100 |a Ocvirk, Otto G. 
245 0 |a Art fundamentals : 
245 0 |b Theory and practice 
245 0 |c Otto G. Ocvirk ... [et al.] 
260 |a Boston 
260 |b McGraw Hill 
260 |c 2006 
650 |a Art,Art,Mỹ thuật 
650 |x Technique,Kỹ thuật 
904 |i Giang 
980 |a Trung tâm Học liệu Trường Đại học Cần Thơ